000 00276nam a22000977a 4500
082 _a954.9355
_bGHQ
245 _aPakistan Army Green Book 2019/
_cGeneral Headquarters, GHQ:
260 _aGHQ; General Headquarters:
_bRawalpindi,
_c2019.
300 _a192p. :
942 _2ddc
_cREF
999 _c610531
_d610531